| 000 | 00689nam a22002177a 4500 | ||
|---|---|---|---|
| 999 |
_c733 _d733 |
||
| 003 | AR-CdUCM | ||
| 008 | 190225b ||||| |||| 00| 0 spa d | ||
| 040 |
_aMUNICIPALIDAD PROVINCIAL DEL CUSCO _cBIBLIOTECA MUNICIPAL DEL CUSCO |
||
| 082 |
_a868.2 / _bA31 |
||
| 100 |
_aAguirre, J.M. _92810 |
||
| 245 | _aAntología de la poesía española contemporánea / | ||
| 260 |
_aZaragoza : _bEbro, S.L., _c1961. |
||
| 300 |
_a277 páginas ; _c17 cm. |
||
| 440 |
_aSerie Verso _nXXIV-XXV _92811 |
||
| 440 |
_aClásicos Españoles _92812 |
||
| 650 |
_aPoesía española _9158 |
||
| 650 |
_aModernismo _9519 |
||
| 650 |
_aPoetas españoles _92813 |
||
| 942 |
_2ddc _cLIBROS |
||
| 945 |
_araen _d2019-02-25 |
||